Projecte d'adaptació del Palau de la Música Catalana
Descripción Física:
[15] p. : il., col. ; 30 cm
MARC
| LEADER | 00000nam a2200000Ia 4500 | ||
|---|---|---|---|
| 001 | 7616 | ||
| 008 | 160829s9999 xx 000 0 cat d | ||
| 080 | |a FU-20-14 | ||
| 245 | |a Projecte d'adaptació del Palau de la Música Catalana | ||
| 260 | |a Barcelona : |b [Orfeó Català], dl 1982 | ||
| 300 | |a [15] p. : |b il., col. ; |c 30 cm | ||
| 590 | |a Text a tres columnes en català, castellà i anglès. | ||
| 590 | |a A la contracoberta: Amb el suport de la Diputació de Barcelona | ||
| 650 | |a Palau de la Música Catalana |x Conservació i restauració |9 33256 | ||
| 650 | 0 | |a Palaus |z Catalunya |9 29887 | |
| 710 | 1 | |a Barcelona (Catalunya : Província). |b Diputació |9 52408 | |
| 710 | 2 | |a Orfeó Català |9 54892 | |
| 901 | |a Arxiu | ||
| 942 | |n 1 | ||
| 952 | |0 0 |1 0 |4 0 |6 FU2014 |7 1 |9 46249 |a Arxiu |b Arxiu |d 2016-12-01 |l 0 |o FU-20-14 |p 7616 |r 2016-12-01 00:00:00 |w 2016-12-01 |y ARXIU | ||
| 999 | |c 49751 |d 49751 | ||